La ideología dominante

محفوظ في:
التفاصيل البيبلوغرافية
المؤلف الرئيسي: Limoeiro Cardoso, Miriam
التنسيق: نص
منشور في: México D.F.: Siglo XXI
الوسوم: إضافة وسم
لا توجد وسوم, كن أول من يضع وسما على هذه التسجيلة!

MARC

LEADER 00000 a a2200000 04500
001 22543
003
040
090 |a 154100  
100 |a Limoeiro Cardoso, Miriam  
245 |a La ideología dominante  
260 |a México D.F.:   |b Siglo XXI  
300 |a 298 p.  
999 |c 13532  |d 13532